000 00634nam a2200193Ia 4500
003 GCL
005 20240530104619.0
008 140319s9999 xx 000 0 ara d
040 _aGCL /
_cGCL
082 0 4 _a364.015
_bح ت
100 1 _aحسين عبدالحميد احمد رشوان
245 1 0 _aالتطرف والارهاب من منظور علم الاجتماع /
_cحسين عبدالحميد احمد رشوان
300 _a153 ص
490 _aالهيئة العامة للاستعلامات
_v0
650 0 4 _aالعنف
650 0 4 _aعلم النفس الجنائى
650 0 4 _aالتطرف
942 _2ddc
_cBK
999 _c49204
_d49204